| 000 | 00514nam a22001937a 4500 | ||
|---|---|---|---|
| 003 | MPLRDC | ||
| 005 | 20220104194700.0 | ||
| 008 | 210129b ||||| |||| 00| 0 eng d | ||
| 020 | _a978-986-5723-34-7 | ||
| 082 | _a857.7 TH-4 v.3 | ||
| 100 | _a桐华 | ||
| 245 |
_a那些回不去的年少时光 (下卷) _c |
||
| 250 | _a初版 | ||
| 260 |
_a台湾 _b野人文化股份有限公司 _c2014 |
||
| 300 | _b平 | ||
| 490 | _a荼蘑坊: 36 | ||
| 650 | _a中国文学--长篇小说 | ||
| 942 |
_cBK _o857.7 TH-4 v.3 |
||
| 999 |
_c65818 _d65808 |
||